Saarjahre
| Titel: | Saarjahre : Politik und Wirtschaft im Saarland, 1945-1955 / Armin Heinen |
|---|---|
| Verfasser: | |
| Veröffentlicht: | Aachen : Hochschulbibliothek Rheinisch-Westfälische Technischen Hochschule Aachen, 2008 |
| Umfang: | 1 Online-Ressource |
| Format: | E-Book |
| Sprache: | Deutsch |
| Hochschulschrift: | Habilitationsschrift, Rheinisch-Westfälische Technische Hochschule Aachen, 1995 |
| RVK-Notation: |
·
|
X
alg: 31106393 001A $06000:01-11-12 001B $06055:18-03-26 $t20:09:59.000 001D $06000:01-11-12 001U $0utf8 001X $00 002@ $0Oax 002C $aText $btxt $2rdacontent 002D $aComputermedien $bc $2rdamedia 002E $aOnline-Ressource $bcr $2rdacarrier 003@ $0311063934 004U $0urn:nbn:de:hbz:82-opus-23340 $S0 006G $01026111919 006U $012,O10 $f20120919 007A $01026111919 $aDNB 009Q $S0 $uhttp://nbn-resolving.de/urn:nbn:de:hbz:82-opus-23340 $xR 009Q $S0 $uhttp://d-nb.info/1026111919/34 $xN 009Q $S0 $uhttp://darwin.bth.rwth-aachen.de/opus3/volltexte/2008/2334 $xH 010@ $ager 011@ $a2008 013D $RWissenschaftliche Literatur $#Dissertations, Academic $#Thèses et écrits académiques $#Hochschulschrift $74113937-9 $8Hochschulschrift [Tsz] $9085338818 021A $aSaarjahre $dPolitik und Wirtschaft im Saarland, 1945-1955 $hArmin Heinen 028A $BVerfasser $4aut $D20220215 $Ecgwrk $7110876830 $8Heinen, Armin$Z1952- [Tp1] $9145453774 033A $pAachen $nHochschulbibliothek Rheinisch-Westfälische Technischen Hochschule Aachen 034D $a1 Online-Ressource 037C $dHabilitationsschrift $eRheinisch-Westfälische Technische Hochschule Aachen $f1995 044K $RWirtschaftswachstum $#Economic development $#Développement économique $#Wirtschaftliche Entwicklung $#Wirtschaftsdynamik $#Wirtschaftswandel $#Wirtschaftlicher Wandel $#Ökonomische Entwicklung $D20251120 $Ecgmnf $74066438-7 $8Wirtschaftsentwicklung [Ts1] $9085186708 044K $RSaargebiet $#Saarland $#Saarland $#Sarre 1935- $#Territoire de la Sarre 1935- $#Saar $D20251120 $Ecgmnf $74076919-7 $8Saarland [Tg1] $9085217999 045E $c320 045Z $D20251120 $Ecgmnf $8NQ 6938 [Tkv] $9410918210 045Z $D20251120 $Ecgmnf $8NR 3150 [Tkv] $9410922285 lok: 31106393 3 exp: 31106393 3 1 #EPN 201B/01 $001-11-12 $t23:03:24.000 201U/01 $0utf8 203@/01 $0652408141 204U/01 $0urn:nbn:de:hbz:82-opus-23340 $S0 208@/01 $a01-11-12 $bl lok: 31106393 5 exp: 31106393 5 1 #EPN 201B/01 $001-11-12 $t23:03:24.000 201U/01 $0utf8 203@/01 $065240815X 204U/01 $0urn:nbn:de:hbz:82-opus-23340 $S0 208@/01 $a01-11-12 $bl lok: 31106393 8 exp: 31106393 8 1 #EPN 201B/01 $001-11-12 $t23:03:24.000 201U/01 $0utf8 203@/01 $0652408168 204U/01 $0urn:nbn:de:hbz:82-opus-23340 $S0 208@/01 $a01-11-12 $bl lok: 31106393 10 exp: 31106393 10 1 #EPN 201B/01 $001-11-12 $t23:03:24.000 201U/01 $0utf8 203@/01 $0652408176 204U/01 $0urn:nbn:de:hbz:82-opus-23340 $S0 208@/01 $a01-11-12 $bl lok: 31106393 11 exp: 31106393 11 1 #EPN 201B/01 $001-11-12 $t23:03:24.000 201U/01 $0utf8 203@/01 $0652408184 204U/01 $0urn:nbn:de:hbz:82-opus-23340 $S0 208@/01 $a01-11-12 $bl lok: 31106393 20 exp: 31106393 20 1 #EPN 201B/01 $001-11-12 $t23:03:24.000 201U/01 $0utf8 203@/01 $0652408214 204U/01 $0urn:nbn:de:hbz:82-opus-23340 $S0 208@/01 $a01-11-12 $bl lok: 31106393 21 exp: 31106393 21 1 #EPN 201B/01 $001-11-12 $t23:03:24.000 201U/01 $0utf8 203@/01 $0652408222 204U/01 $0urn:nbn:de:hbz:82-opus-23340 $S0 208@/01 $a01-11-12 $bl lok: 31106393 23 exp: 31106393 23 1 #EPN 201B/01 $001-11-12 $t23:03:24.000 201U/01 $0utf8 203@/01 $0652408230 204U/01 $0urn:nbn:de:hbz:82-opus-23340 $S0 208@/01 $a01-11-12 $bl lok: 31106393 24 exp: 31106393 24 1 #EPN 201B/01 $001-11-12 $t23:03:24.000 201U/01 $0utf8 203@/01 $0652408249 204U/01 $0urn:nbn:de:hbz:82-opus-23340 $S0 208@/01 $a01-11-12 $bl lok: 31106393 25 exp: 31106393 25 1 #EPN 201B/01 $001-11-12 $t23:03:24.000 201U/01 $0utf8 203@/01 $0652408257 204U/01 $0urn:nbn:de:hbz:82-opus-23340 $S0 208@/01 $a01-11-12 $bl lok: 31106393 36 exp: 31106393 36 1 #EPN 201B/01 $003-09-22 $t01:40:41.173 201C/01 $002-09-22 201U/01 $0utf8 203@/01 $01213305691 204U/01 $0urn:nbn:de:hbz:82-opus-23340 $S0 208@/01 $a02-09-22 $bl lok: 31106393 49 exp: 31106393 49 1 #EPN 201B/01 $028-02-20 $t17:33:34.666 201C/01 $028-02-20 201U/01 $0utf8 203@/01 $01084421402 204U/01 $0urn:nbn:de:hbz:82-opus-23340 $S0 208@/01 $a28-02-20 $bl lok: 31106393 54 exp: 31106393 54 1 #EPN 201B/01 $028-02-20 $t17:33:34.678 201C/01 $028-02-20 201U/01 $0utf8 203@/01 $01084421410 204U/01 $0urn:nbn:de:hbz:82-opus-23340 $S0 208@/01 $a28-02-20 $bl lok: 31106393 108 exp: 31106393 108 1 #EPN 201B/01 $028-02-20 $t17:33:34.686 201C/01 $028-02-20 201U/01 $0utf8 203@/01 $01084421429 204U/01 $0urn:nbn:de:hbz:82-opus-23340 $S0 208@/01 $a28-02-20 $bl lok: 31106393 204 exp: 31106393 204 1 #EPN 201B/01 $001-11-12 $t23:03:24.000 201U/01 $0utf8 203@/01 $065240829X 204U/01 $0urn:nbn:de:hbz:82-opus-23340 $S0 208@/01 $a01-11-12 $bl lok: 31106393 205 exp: 31106393 205 1 #EPN 201B/01 $001-11-12 $t23:03:24.000 201U/01 $0utf8 203@/01 $0652408303 204U/01 $0urn:nbn:de:hbz:82-opus-23340 $S0 208@/01 $a01-11-12 $bl
| LEADER | 00000cam a22000002c 4500 | ||
|---|---|---|---|
| 001 | 311063934 | ||
| 003 | DE-603 | ||
| 005 | 20260318200959.0 | ||
| 007 | cr|||||||||||| | ||
| 008 | 121101s2008 xx |||| om u00||u|ger | ||
| 015 | |a 12,O10 |2 dnb | ||
| 016 | 7 | |2 DE-101 |a 1026111919 | |
| 024 | 7 | |a urn:nbn:de:hbz:82-opus-23340 |2 urn | |
| 035 | |a (DE-599)DNB1026111919 | ||
| 040 | |a DE-603 |b ger |c DE-603 |d DE-603 | ||
| 041 | |a ger | ||
| 084 | |a 320 |q DE-101 |2 sdnb | ||
| 084 | |a NQ 6938 |0 (DE-625)128850: |0 (DE-603)410918210 |2 rvk | ||
| 084 | |a NR 3150 |0 (DE-625)129243: |0 (DE-603)410922285 |2 rvk | ||
| 100 | 1 | |a Heinen, Armin |d 1952- |e Verfasser |4 aut |0 (DE-603)145453774 |0 (DE-588)110876830 |2 gnd | |
| 245 | 0 | 0 | |a Saarjahre |b Politik und Wirtschaft im Saarland, 1945-1955 |c Armin Heinen |
| 264 | 1 | |a Aachen |b Hochschulbibliothek Rheinisch-Westfälische Technischen Hochschule Aachen |c 2008 | |
| 300 | |a 1 Online-Ressource | ||
| 336 | |a Text |b txt |2 rdacontent | ||
| 337 | |a Computermedien |b c |2 rdamedia | ||
| 338 | |a Online-Ressource |b cr |2 rdacarrier | ||
| 502 | |b Habilitationsschrift |c Rheinisch-Westfälische Technische Hochschule Aachen |d 1995 | ||
| 650 | 7 | |a Wirtschaftsentwicklung |0 (DE-588)4066438-7 |0 (DE-603)085186708 |2 gnd | |
| 651 | 7 | |a Saarland |0 (DE-588)4076919-7 |0 (DE-603)085217999 |2 gnd | |
| 655 | 7 | |a Hochschulschrift |2 gnd-content |0 (DE-588)4113937-9 |0 (DE-603)085338818 | |
| 856 | |u http://nbn-resolving.de/urn:nbn:de:hbz:82-opus-23340 |x Resolving-System |z kostenfrei | ||
| 856 | |u http://d-nb.info/1026111919/34 |x Langzeitarchivierung Nationalbibliothek |z kostenfrei | ||
| 856 | |u http://darwin.bth.rwth-aachen.de/opus3/volltexte/2008/2334 |x Verlag |z kostenfrei | ||
| 924 | 1 | |9 603 |a (DE-603)652408141 |b DE-603 |c HES |d d | |
| 924 | 1 | |9 603 |a (DE-603)65240815X |b DE-603 |c HES |d d | |
| 924 | 1 | |9 603 |a (DE-603)652408168 |b DE-603 |c HES |d d | |
| 924 | 1 | |9 603 |a (DE-603)652408176 |b DE-603 |c HES |d d | |
| 924 | 1 | |9 603 |a (DE-603)652408184 |b DE-603 |c HES |d d | |
| 924 | 1 | |9 603 |a (DE-603)652408214 |b DE-603 |c HES |d d | |
| 924 | 1 | |9 603 |a (DE-603)652408222 |b DE-603 |c HES |d d | |
| 924 | 1 | |9 603 |a (DE-603)652408230 |b DE-603 |c HES |d d | |
| 924 | 1 | |9 603 |a (DE-603)652408249 |b DE-603 |c HES |d d | |
| 924 | 1 | |9 603 |a (DE-603)652408257 |b DE-603 |c HES |d d | |
| 924 | 1 | |9 603 |a (DE-603)1213305691 |b DE-603 |c HES |d d | |
| 924 | 1 | |9 603 |a (DE-603)1084421402 |b DE-603 |c HES |d d | |
| 924 | 1 | |9 603 |a (DE-603)1084421410 |b DE-603 |c HES |d d | |
| 924 | 1 | |9 603 |a (DE-603)1084421429 |b DE-603 |c HES |d d | |
| 924 | 1 | |9 603 |a (DE-603)65240829X |b DE-603 |c HES |d d | |
| 924 | 1 | |9 603 |a (DE-603)652408303 |b DE-603 |c HES |d d | |


